| 000 | 00360pab a2200133 454500 | ||
|---|---|---|---|
| 008 | 180718b xxu||||| |||| 00| 0 eng d | ||
| 100 | _aSurendra Nath | ||
| 245 | _aIndian trade unions and their accountability | ||
| 362 | _a2 Jul 1994, p.6 | ||
| 650 | _a Labour Unions -- India | ||
| 650 | _aTrade Unions -- India | ||
| 773 | _aFinancial Express | ||
| 909 | _a27644 | ||
| 999 |
_c27644 _d27644 |
||